00330pab a2200121 454500008003600000100001700036245005200053362002800105650002300133650001600156650001400172773002200186180718b xxu||||| |||| 00| 0 eng d aHeins Volker aWeber's ethic and the spirit of anti-capitalism a41(2), Jun 93, p.269-83 a Political Science a Capitalism aSocialism aPolitical Studies